000 00308nam a2200133Ia 4500
008 240624s9999 xx 000 0 und d
041 _aeng
082 _a158 HAR
100 _aHART WILLIAM
245 _aART OF LIVING
260 _aMumbai
_bEmbassy Books
300 _a171 : p. : cm. ; 20
365 _cRS
_b25
999 _c22271
_d22271